000 00457nmm a2200157Ia 4500
008 251105s9999||||xx |||||||||||||||||und||
020 _a9788433959553
041 _aspa
100 _aBukowski, Charles
245 0 _aChinaski :
_b Cartero, Factótum, Mujeres
264 _a[Madrid, España] :
_bEditorial Anagrama,
_c2017
300 _a640 páginas
650 _aOther narratives
856 _uhttps://public.digitaliapublishing.com/a/49075
942 _cCF
999 _c81777
_d81777